Verbes irréguliers italien - Statistiques

Statistiques générales
  • Ce quiz a été pris 142 fois
  • Le résultat moyen est 37 sur 78
Statistiques - réponses
Hint Réponse % Correct
stare(lui/lei) sta
86%
andare(lui/lei) va
83%
dare(lui/lei)
80%
fare(lui/lei) fa
80%
sapere(lui/lei) sa
77%
andare(voi) andate
75%
potere(lui/lei) può
73%
andare(tu) vai
73%
uscire(tu) esci
72%
dare(io) do
70%
dare(tu) dai
67%
finire(voi) finite
67%
stare(tu) stai
64%
venire(voi) venite
64%
fare(tu) fai
63%
venire(noi) veniamo
63%
dire(io) dico
61%
dovere(io) devo
59%
potere(io) posso
59%
sapere(tu) sai
59%
dovere(loro) devono
58%
dire(lui/lei) dice
58%
fare(noi) facciamo
58%
bere(tu) bevi
56%
sapere(io) so
56%
dire(tu) dici
55%
uscire(io) esco
52%
stare(voi) state
52%
uscire(voi) uscite
52%
bere(io) bevo
50%
stare(noi) stiamo
50%
andare(io) vado
50%
dire(loro) dicono
48%
potere(noi) possiamo
48%
venire(io) vengo
48%
volere(io) voglio
48%
uscire(lui/lei) esce
47%
fare(voi) fate
47%
finire(io) finisco
47%
venire(lui/lei) viene
47%
volere(noi) vogliamo
47%
bere(loro) bevono
45%
dare(loro) danno
45%
sapere(noi) sappiamo
45%
stare(loro) stanno
45%
venire(tu) vieni
45%
dare(voi) date
44%
finire(noi) finiamo
44%
andare(noi) andiamo
39%
potere(voi) potete
39%
dovere(noi) dobbiamo
38%
uscire(loro) escono
38%
venire(loro) vengono
38%
finire(loro) finiscono
36%
bere(lui/lei) beve
34%
dovere(lui/lei) deve
34%
finire(tu) finisci
34%
andare(loro) vanno
34%
bere(voi) bevete
33%
bere(noi) beviamo
33%
finire(lui/lei) finisce
33%
sapere(loro) sanno
33%
dire(noi) diciamo
31%
uscire(noi) usciamo
31%
volere(loro) vogliono
31%
volere(tu) vuoi
31%
dare(noi) diamo
30%
fare(io) faccio
30%
fare(loro) fanno
30%
dire(voi) dite
28%
potere(tu) puoi
28%
stare(io) sto
28%
volere(lui/lei) vuole
28%
dovere(tu) devi
27%
dovere(voi) dovete
27%
potere(loro) possono
27%
sapere(voi) sapete
25%
volere(voi) volete
25%
Aucun quiz correspondant
Distribution des résultats
% des personnes avec chaque résultat
Percentile par nombre de réponses
Votre historique - résultats
Vous n’avez pas pris ce quiz